Everyday Isalamaic Law And The Making of Modern South Asia (Record no. 214388)

MARC details
000 -LEADER
fixed length control field 00642nam a2200181 4500
010 ## - LCCN (DPL NO)
LC control number ENG-1447585
020 ## - INTERNATIONAL STANDARD BOOK NUMBER
International Standard Book Number 9789395474429
Terms of availability 2795.00
035 ## - SYSTEM CONTROL NUMBER
System control number EN-131117
037 ## - SOURCE OF ACQUISITION
Source of stock number/acquisition DBAD
082 ## - DEWEY DECIMAL CLASSIFICATION NUMBER
Classification number 340.59
Item number 1
100 ## - MAIN ENTRY--PERSONAL NAME
Personal name Lhost ,Elizabeth
245 ## - TITLE STATEMENT
Title Everyday Isalamaic Law And The Making of Modern South Asia
Statement of responsibility, etc Elizabeth Lhost
260 ## - PUBLICATION, DISTRIBUTION, ETC. (IMPRINT)
Place of publication, distribution, etc New Delhi
Name of publisher, distributor, etc Vikram Jain for Sanctum Books
Date of publication, distribution, etc 2025
270 ## - ADDRESS
Address 68 Medical Association Road, Darya ganj
City New Delhi
Postal code 110002
300 ## - PHYSICAL DESCRIPTION
Extent 354p.
Dimensions 24cm(hb)
500 ## - GENERAL NOTE
General note "Mutual Faith and trust are storng pillars of human relationships."
942 ## - ADDED ENTRY ELEMENTS (KOHA)
Source of classification or shelving scheme Dewey Decimal Classification
Item type English Books
Classification part 340.59
Call number suffix Lho
Holdings
Withdrawn status Lost status Not for loan Collection code Home library Current library Date acquired Source of acquisition Cost, normal purchase price Full call number Barcode Copy number Cost, replacement price Koha item type
    Not For Loan Non-fiction Ashok Vihar Ashok Vihar 21/01/2026 DBAD 2795.00 340.59 Lho EN-131117 1 2795.00 English Books

© Delhi Public Library
Hit Counter
free hit counter